Daily Country Riddle #134 - Statistics

General Stats
  • This quiz has been taken 102 times
  • The average score is 10 of 15
Answer Stats
Type Answer % Correct
Found Letter A
100%
Found Letter R
98%
Found Letter E
91%
Correctly Placed Letter A
85%
Found Letter O
80%
Found Letter U
76%
Found Letter D
73%
Found Letter C
60%
Correctly Placed Letter O
50%
Correctly Placed Letter U
50%
Correctly Placed Letter E
43%
Correctly Placed Letter C
41%
Correctly Placed Letter D
41%
Mystery Country Ecuador
41%
Correctly Placed Letter R
41%
No matching quizzes found
Score Distribution
Percent of People with Each Score
Percentile by Number Answered
Your Score History
You have not taken this quiz